[Rezension von: Rolf Bothe, Andreas Rietz, Polstermöbel und textile Raumausstattungen - Michel Chauveau u.a. (Hrsg.), L'art de suspendre les rideaux - Annabel Westman, Fringe, Frog & Tassel]
Gespeichert in:
| Veröffentlicht in: | Regards croisés 12(2022), Seite 136-141 |
|---|---|
| VerfasserIn: | |
| Dokumenttyp: | Online-Ressource Aufsatz |
| Sprache: | German |
| Veröffentlicht: |
2022
|
| Schlagwörter: | |
| Online Zugang: | kostenfrei kostenfrei |
| Bibliogr. Hinweis: | Enthalten in:
Regards croisés Rezension von: Polstermöbel und textile Raumausstattungen Rezension von: L' art de suspendre les rideaux de l'Ancien Régime au second Empire Rezension von: Fringe, frog & tassel |
| Verantwortlich: | Jörg Ebeling |
| LEADER | 02425caa a2200421 c 4500 | ||
|---|---|---|---|
| 001 | 1878205404 | ||
| 003 | DE-627 | ||
| 005 | 20260511171602.0 | ||
| 007 | cr uuu---uuuuu | ||
| 008 | 240116s2022 xx |||||oo 00| ||ger c | ||
| 024 | 7 | |a 10.57732/rc.2022.12.94987 |2 doi | |
| 035 | |a (DE-627)1878205404 | ||
| 035 | |a (DE-599)KXP1878205404 | ||
| 035 | |a (OCoLC)1425060297 | ||
| 040 | |a DE-627 |b ger |c DE-627 |e rda | ||
| 041 | |a ger | ||
| 084 | |a KUNST |q DE-16 |2 fid | ||
| 100 | 1 | |a Ebeling, Jörg |e VerfasserIn |0 (DE-588)141631511 |0 (DE-627)630397805 |0 (DE-576)325050872 |4 aut | |
| 245 | 1 | 0 | |a [Rezension von: Rolf Bothe, Andreas Rietz, Polstermöbel und textile Raumausstattungen - Michel Chauveau u.a. (Hrsg.), L'art de suspendre les rideaux - Annabel Westman, Fringe, Frog & Tassel] |c Jörg Ebeling |
| 264 | 1 | |c 2022 | |
| 300 | |b Illustrationen | ||
| 336 | |a Text |b txt |2 rdacontent | ||
| 337 | |a Computermedien |b c |2 rdamedia | ||
| 338 | |a Online-Ressource |b cr |2 rdacarrier | ||
| 655 | 7 | |a Rezension |0 (DE-588)4049712-4 |0 (DE-627)106186019 |0 (DE-576)209083166 |2 gnd-content | |
| 773 | 0 | 8 | |i Enthalten in |t Regards croisés |d Paris : Institut National d’Histoire de l’Art, 2013 |g 12(2022), Seite 136-141 |h Online-Ressource |w (DE-627)832785571 |w (DE-600)2830060-9 |w (DE-576)442942508 |x 2509-4750 |7 nnas |
| 773 | 1 | 8 | |g volume:12 |g year:2022 |g pages:136-141 |
| 787 | 0 | 8 | |i Rezension von |a Bothe, Rolf, 1939 - |t Polstermöbel und textile Raumausstattungen |b 1. Auflage |d Regensburg : Schnell + Steiner, 2019 |h 256 Seiten |w (DE-627)1041655681 |z 379543419X |z 9783795434199 |
| 787 | 0 | 8 | |i Rezension von |a Chauveau, Michel, 1956 - |t L' art de suspendre les rideaux de l'Ancien Régime au second Empire |d Paris : Méroé, 2019 |h 301 Seiten |w (DE-627)1682207242 |z 9791095715238 |
| 787 | 0 | 8 | |i Rezension von |a Westman, Annabel |t Fringe, frog & tassel |d London : PWP, 2019 |h xv, 272 Seiten |w (DE-627)1682036146 |z 9781781300756 |
| 856 | 4 | 0 | |u https://doi.org/10.57732/rc.2022.12.94987 |x Verlag |x Resolving-System |z kostenfrei |3 Volltext |7 0 |
| 856 | 4 | 0 | |u https://journals.ub.uni-heidelberg.de/index.php/rc/article/view/94987 |x Verlag |z kostenfrei |3 Volltext |7 0 |
| 912 | |a ZDB-282-AAE-article | ||
| 951 | |a AR | ||
| 994 | |u https://ahnp.ub.uni-heidelberg.de/journals/rc/article/view/94987/92419 | ||
| 994 | |u https://ahnp.ub.uni-heidelberg.de/journals/rc/article/view/94987/92419 | ||
| 991 | |a Rezension (Monographie, Zeitschrift, Aufsatz) | ||
| 999 | |a KXP-PPN1878205404 |e 496743648X | ||


